000 00638nam a2200241Ia 4500
003 OSt
005 20220918190733.0
006 a|||||r|||| 00| 0
007 ta
008 220917b |||||||| |||| 00| 0 eng d
024 _a59,226
037 _cTextual
040 _aARTS
_cARTS
_beng
041 _2eng
_aeng
082 _aQ1:415, L9
100 _aPowell James Newton
_973673
245 0 _aMadala
_b the dynamics of vedic symbolism
260 _aN.D
_bSterling Pub
_c1979
300 _aviii,127p.
_ccm.
650 _aRELIGION
942 _hQ1:415, L9
_cTEXL
_2CC
999 _c186606
_d186606